Top 100 erfolgreichste Horrorfilme - Statistiken

Allgemein
  • Dieses Quiz wurde 250 mal gespielt
    22 seit der letzten Aktualisierung
  • Das Durchschnittsergebnis liegt bei 33 aus 100
Antwortstatistiken
# Jahr Zuschauer Killer /
Monster
Star Film % Korrekt
1 1975 7.000.000 Hai Richard Dreyfuss Der weiße Hai
94%
53 1979 1.300.000 Hai Roy Scheider Der weiße Hai 2
94%
7 2017 3.170.231 Pennywise Bill Skarsgård Es
94%
27 2019 1.906.720 Pennywise James McAvoy Es – Kapitel 2
94%
70 2018 1.090.191 Michael Myers Jamie Lee Curtis Halloween
88%
25 1979 1.964.998 Xenomorph Sigourney Weaver Alien
81%
44 1992 1.541.105 Xenomorphen Sigourney Weaver Alien 3
81%
26 1997 1.911.265 Xenomorph-Königin Sigourney Weaver Alien – Die Wiedergeburt
81%
72 2004 1.073.539 Xenomorph-Königin Ewen Bremner Alien vs. Predator
81%
90 2006 951.303 John Kramer (Jigsaw) Donnie Wahlberg Saw II
81%
42 1998 1.550.099 Ghostface Courteney Cox Scream 2
81%
32 2000 1.804.426 Ghostface Courteney Cox Scream 3
81%
35 1997 1.792.646 Ghostface Courteney Cox Scream – Schrei!
81%
4 1991 4.049.297 Dr. Hannibal Lecter Anthony Hopkins Das Schweigen der Lämmer
75%
5 1960 3.755.000 Norman Bates Anthony Perkins Psycho
75%
59 1983 1.196.579 Norman Bates Anthony Perkins Psycho II
75%
21 1980 2.022.832 Jack Torrence Jack Nicholson Shining
75%
20 1993 2.126.234 Graf Dracula Keanu Reeves Bram Stokers Dracula
69%
75 1996 1.041.833 Graf Dracula Leslie Nielsen Dracula – Tot aber glücklich
69%
10 2001 3.110.316 Dr. Hannibal Lecter Anthony Hopkins Hannibal
69%
6 2000 3.428.164 Ghostface Marlon Wayans Scary Movie
69%
34 2001 1.799.973 Hugh Kane Marlon Wayans Scary Movie 2
69%
17 2004 2.342.082 Tabitha Charlie Sheen Scary Movie 3
69%
50 2006 1.346.310 Billy die Puppe Bill Pullman Scary Movie 4
69%
47 1999 1.404.041 Blair Witch Heather Donahue Blair Witch Project
63%
46 2025 1.471.049 Spiegeldämon Vera Farmiga Conjuring 4: Das letzte Kapitel
63%
49 2000 1.367.694 Der Tod Seann William Scott Final Destination
50%
79 2009 1.001.094 Der Tod Shantel VanSanten Final Destination 4
50%
77 1982 1.027.509 Poltergeister Heather O’Rourke Poltergeist
50%
96 1986 909.808 Reverend Henry Kane Heather O’Rourke Poltergeist II – Die andere Seite
50%
2 1974 5.291.000 Pazuzu Linda Blair Der Exorzist
44%
45 1958 1.520.000 Dr. Andre Delambre (Menschliche Fliege) Vincent Price Die Fliege
44%
80 1987 998.198 Seth Brundle(Menschliche Fliege) Jeff Goldblum Die Fliege
44%
87 2002 959.597 Umbrella Corporation Milla Jovovich Resident Evil
44%
63 2010 1.144.082 Albert Wesker Milla Jovovich Resident Evil: Afterlife
44%
78 2003 1.001.202 Samara Morgan Naomi Watts Ring
44%
69 1973 1.100.000 Die Kreatur Udo Kier Andy Warhols Frankenstein
38%
40 1963 1.639.000 Möwen / Raben Tippi Hedren Die Vögel
38%
3 1975 4.100.000 Die Kreatur Gene Wilder Frankenstein Junior
38%
89 1957 955.000 Die Kreatur Christopher Lee Frankensteins Fluch
38%
98 1979 900.713 Graf Orlok Klaus Kinski Nosferatu – Phantom der Nacht
38%
33 2000 1.804.011 Lady Mary van Tassel Johnny Depp Sleepy Hollow
38%
94 2018 919.085 Valak Taissa Farmiga The Nun
38%
97 2023 905.244 Valak Taissa Farmiga The Nun II
38%
84 1982 977.405 Alien-Parasit Kurt Russell Das Ding aus einer anderen Welt
31%
52 2022 1.315.779 Dämon Sosie Bacon Smile – Siehst du es auch?
31%
8 1979 3.150.000 Zombies David Emge Zombie
31%
19 2011 2.196.897 Nina Sayers Natalie Portman Black Swan
25%
37 1989 1.702.056 Church der Kater / Gage Creed Denise Crosby Friedhof der Kuscheltiere
25%
48 2013 1.378.223 Zombies Brad Pitt World War Z
25%
23 1998 2.001.916 Deacon Frost Wesley Snipes Blade
19%
31 2002 1.806.909 Jared Nomak Wesley Snipes Blade II
19%
65 2005 1.141.323 Erzengel Gabriel Keanu Reeves Constantine
19%
15 2007 2.442.162 Darkseekers Will Smith I Am Legend
19%
88 1998 955.129 Der Fischer Jennifer Love Hewitt Ich weiß, was du letzten Sommer getan hast
19%
95 1968 911.745 Baby Mia Farrow Rosemaries Baby
19%
11 1977 2.750.000 Dr. Frank-N-Furter Tim Curry The Rocky Horror Picture Show
19%
18 2004 2.325.216 Graf Dracula Hugh Jackman Van Helsing
19%
81 2012 994.279 Angelique Bouchard Johnny Depp Dark Shadows
13%
61 1976 1.169.670 Damien Thorn Gregory Peck Das Omen
13%
58 1999 1.216.641 Makohaie Samuel L. Jackson Deep Blue Sea
13%
71 2012 1.084.757 Engineer Michael Fassbender Prometheus – Dunkle Zeichen
13%
14 2002 2.492.360 Grüne Aliens Mel Gibson Signs – Zeichen
13%
57 2017 1.219.686 Kevin Wendell Crumb(Die Bestie) James McAvoy Split
13%
82 1994 987.253 Stewart Swinton Jack Nicholson Wolf – Das Tier im Manne
13%
22 2000 2.017.770 Hein Benno Fürmann Anatomie
6%
92 1991 935.399 Spinnen John Goodman Arachnophobia
6%
74 1999 1.054.030 Brenda Bates Jared Leto Düstere Legenden
6%
30 1990 1.853.626 / Julia Roberts Flatliners
6%
99 1996 897.224 Santánico Pandemónium George Clooney From Dusk Till Dawn
6%
62 2004 1.144.111 Dr. Douglas Grey /Sheriff Bob Ryan Halle Berry Gothika
6%
13 1990 2.578.005 Mohawk Christopher Lee Gremlins 2 – Die Rückkehr der kleinen Monster
6%
9 1984 3.143.289 Stripe Corey Feldman Gremlins – Kleine Monster
6%
66 1999 1.132.537 Der Fischer Jack Black Ich weiß noch immer, was du letzten Sommer getan hast
6%
41 1994 1.607.509 Lestat de Lioncourt Tom Cruise Interview mit einem Vampir
6%
12 1966 2.588.000 Hannya-Maske Uno Jūkichi Onibaba – Die Töterinnen
6%
100 2002 892.634 Bestie des Gévaudan Monica Bellucci Pakt der Wölfe
6%
29 2000 1.855.656 Dr. Norman Spencer Harrison Ford Schatten der Wahrheit
6%
73 1995 1.055.080 Aliens Ben Kingsley Species
6%
54 1982 1.261.232 Werwolf David Naughton American Werewolf
0%
93 1964 929.000 Maskierter Henker Christopher Lee Das Schloß des Grauens
0%
16 1958 2.371.000 Dr. Callistratus Donald Wolfit Der Dämon mit den blutigen Händen
0%
68 1969 1.118.000 Matthew Hopkins Vincent Price Der Hexenjäger
0%
60 1954 1.195.667 Dr. Marais Claude Dauphin Der Würger von Paris
0%
76 1957 1.035.000 Venus-Monster William Hopper Die Bestie aus dem Weltenraum
0%
83 1987 985.202 Daryl Van Horne Cher Die Hexen von Eastwick
0%
38 1959 1.663.000 Dr. Ood Horst Frank Die Nackte und der Satan
0%
56 1959 1.223.000 Kharis (Die Mumie) Christopher Lee Die Rache der Pharaonen
0%
67 1969 1.119.000 Dr. Janos de Mikhelov Paul Naschy Die Vampire des Dr. Dracula
0%
64 1960 1.142.000 Gary Webster Alex D’Arcy Ein Toter hing im Netz
0%
91 1965 950.000 / Catherine Deneuve Ekel
0%
51 2013 1.345.551 Muriel Jeremy Renner Hänsel und Gretel: Hexenjäger
0%
43 1970 1.546.000 Lord Cumberland Udo Kier Hexen bis aufs Blut gequält
0%
28 2000 1.879.587 Dr. Sebastian Caine Kevin Bacon Hollow Man – Unsichtbare Gefahr
0%
36 1979 1.766.000 Dr. Jeffrey Rosenberg George Hamilton Liebe auf den ersten Biss
0%
86 1968 961.000 Satan Janine Reynaud Necronomicon – Geträumte Sünden
0%
55 1978 1.227.000 Piranhas Kevin McCarthy Piranhas
0%
85 1992 961.932 Mary Brady (Werkatze) Alice Krige Schlafwandler
0%
24 1971 2.001.000 Ratten Ernest Borgnine Willard
0%
39 1979 1.650.000 Zombies Richard Johnson Woodoo – Die Schreckensinsel der Zombies
0%
Keine übereinstimmenden Quizze gefunden
Verteilung der Resultate
Anzahl Personen mit jedem Resultat
Perzentil nach korrekt beantworteten Fragen
Ihre Resultats-Entwicklung
Sie haben dieses Quiz seit der letzten Aktualisierung nicht gespielt